000 00604nam a2200253Ia 4500
003 OSt
005 20221005052526.0
006 a|||||r|||| 00| 0
007 ta
008 221004b |||||||| |||| 00| 0 eng d
020 _a1857152344
024 _a26774
037 _cTextual
040 _aCRL
_cCRL
_beng
041 _2eng
_aeng
082 _aVxC45, N7
100 _aHerodotus
245 0 _aHistories
260 _aLondon
_bDavid Campbell UK
_c1997
300 _a772p.
_ccm.
650 _aHISTORY
942 _hVxC45, N7
_cTEXL
_2cc
999 _c960555
_d960555